| 000 | 00497nam a2200181Ia 4500 | ||
|---|---|---|---|
| 008 | 191130s2002##################000#0#eng## | ||
| 020 | _a9780130946904 | ||
| 040 |
_aACL _cACL |
||
| 082 | _a650.01513 CLE | ||
| 100 | _aCleaves, Cheryl | ||
| 245 |
_aBusiness math _cCheryl Cleaves and Margie Hobbs |
||
| 260 |
_aNew Jersey _b[publisher not identified] _c2002 |
||
| 300 | _a778p | ||
| 700 | _aHobbs, Margie | ||
| 990 | _acb72b59fac10000c41b08ab286c40d95 | ||
| 991 | _a362255 | ||
| 999 |
_c247924 _d247924 |
||